Overdrive - Conan Gray (All Lyrics) - Statistics

General Stats
  • This quiz has been taken 138 times
  • The average score is 192 of 247
Answer Stats
Overdrive % Correct
I
98%
me
97%
the
94%
feel
92%
go
92%
on
92%
overdrive
92%
Overdrive
92%
We
92%
a
90%
no
90%
i'm
87%
Goin'
86%
not
86%
Oh
86%
oh
86%
Ooh
86%
ooh
86%
You
86%
red
85%
Red
85%
light
84%
don't
83%
Don't
83%
right
83%
see
83%
wanna
83%
left
82%
weekend
80%
Said
79%
street
78%
to
78%
Bridge | Pre-Chorus All
77%
catchin'
77%
feelings
77%
let
77%
met
77%
heat
76%
down
75%
guess
75%
just
75%
lied
75%
nothin'
74%
next
72%
five
71%
or
71%
beat
70%
Let's
70%
table
70%
fuck
69%
night
69%
of
69%
Of
69%
about
68%
labels
68%
ten
68%
Ten
68%
Chorus Burnin'
67%
Verse 1 Only
67%
trust
67%
give
66%
time
66%
know
64%
think
64%
you're
63%
You're
63%
And
62%
die
62%
yeah
62%
Verse 2 Yeah
62%
can't
61%
reason
61%
should
61%
take
61%
our
60%
end
59%
But
57%
deep
57%
roll
57%
dice
56%
danger
55%
off
55%
stranger
55%
my
54%
Divin'
51%
Fast
49%
'em
48%
likin'
47%
Throw
47%
ride
46%
lane
43%
Ooh
24%
No matching quizzes found
Score Distribution
Percent of People with Each Score
Percentile by Number Answered
Your Score History
You have not taken this quiz